[Event "Stuttgarter Stadtmeisterschaft"]
[Site "Ditzingen"]
[Date "2008.05.03"]
[Round "5.32"]
[White "Behm, Wilfried"]
[Black "Hartmann, Christian"]
[Result "0-1"]
[WhiteElo "1860"]
[BlackElo "1543"]
[PlyCount "128"]
[EventDate "2008.05.??"]
[EventType "swiss"]
[EventRounds "7"]
[EventCountry "GER"]

1. d4 Nf6 2. c4 e5 3. dxe5 Ng4 4. Nf3 Nc6 5. Bf4 Bb4+ 6. Nbd2 Bc5 7. e3 Qe7 8.
Be2 Ngxe5 9. O-O O-O 10. a3 a5 11. Nb3 Bb6 12. Nfd4 d6 13. Rc1 a4 14. Nxc6 bxc6
15. Nd4 c5 16. Nf3 Ng6 17. Bg3 Bb7 18. Bd3 f5 19. Bc2 Bc6 20. Ne1 Qf6 21. Nd3
Rfb8 22. f3 Re8 23. Bf2 Ne5 24. Nxe5 Qxe5 25. Qd3 g6 26. Rb1 Ba5 27. b4 axb3
28. Qxb3 Qc3 29. Qa2 Bb4 30. a4 Qe5 31. Rbd1 Ra5 32. Qb1 Bxa4 33. Bxa4 Rxa4 34.
Rd3 Rea8 35. Bg3 Qf6 36. Rdd1 Qc3 37. e4 Qf6 38. exf5 Qxf5 39. Qc1 Ra3 40. Rd5
Qf6 41. Rdd1 Bc3 42. Qb1 Bb4 43. Qe4 Kf7 44. Bh4 Qf5 45. Qc6 R3a7 46. g4 Qe6
47. Kg2 Re8 48. Rf2 Bc3 49. Rb1 Bf6 50. Bg3 Qxc4 51. Qd7+ Re7 52. Qc6 d5 53.
Rb8 d4 54. Rc8 Qe6 55. Qxc5 Qxc8 56. Qxa7 c5 57. Qa4 c4 58. Bd6 Rd7 59. Bc5 c3
60. Re2 d3 61. Qc4+ Kg7 62. Re6 d2 63. Rxf6 Kxf6 64. Bd4+ Rxd4 0-1

[Event "Stuttgarter Stadtmeisterschaft"]
[Site "Ditzingen"]
[Date "2008.05.03"]
[Round "5.33"]
[White "Baumeister, Jürgen"]
[Black "Schäfer-Siebert, Heiko"]
[Result "1/2-1/2"]
[WhiteElo "1834"]
[BlackElo "1598"]
[PlyCount "62"]
[EventDate "2008.05.??"]
[EventType "swiss"]
[EventRounds "7"]
[EventCountry "GER"]

1. e4 e5 2. Nf3 Nf6 3. d4 exd4 4. e5 Ne4 5. Bd3 Nc5 6. Nxd4 Nc6 7. Nxc6 dxc6 8.
O-O Be7 9. Nc3 Nxd3 10. cxd3 Bf5 11. d4 O-O 12. Be3 Bb4 13. g4 Bg6 14. Ne2 Qc8
15. Ng3 Be7 16. f4 f6 17. f5 Bf7 18. e6 Be8 19. Qb3 Kh8 20. Rad1 g6 21. Rf3 Rg8
22. Kf2 b6 23. Rg1 Qd8 24. Qc2 Qd5 25. b3 Rd8 26. Ne2 gxf5 27. gxf5 Bh5 28. Rf4
Bxe2 29. Qxe2 Rxg1 30. Kxg1 Rg8+ 31. Rg4 Qxf5 1/2-1/2

[Event "Stuttgarter Stadtmeisterschaft"]
[Site "Ditzingen"]
[Date "2008.05.03"]
[Round "5.34"]
[White "Drapchin, Marc"]
[Black "Schäfer-Siebert, Carsten"]
[Result "0-1"]
[WhiteElo "1814"]
[BlackElo "1565"]
[PlyCount "66"]
[EventDate "2008.05.??"]
[EventType "swiss"]
[EventRounds "7"]
[EventCountry "GER"]

1. e4 e6 2. d4 d5 3. Nd2 c5 4. c3 Nc6 5. Ndf3 dxe4 6. Ng5 cxd4 7. Nxe4 dxc3 8.
Nxc3 Qxd1+ 9. Nxd1 Bb4+ 10. Nc3 Nge7 11. Bb5 Bxc3+ 12. bxc3 O-O 13. Nf3 b6 14.
O-O Bb7 15. Ba3 Rfd8 16. Rad1 Nd5 17. Rc1 a6 18. Ba4 b5 19. Bb3 Na5 20. Bc2
Rac8 21. Ng5 Nf6 22. Be7 Rd5 23. h4 h6 24. Bxf6 gxf6 25. Ne4 Kg7 26. Rfe1 f5
27. Ng3 Rxc3 28. Nh5+ Kf8 29. Nf6 Rd2 30. Bb1 Rxc1 31. Rxc1 Nc4 32. g4 fxg4 33.
Nxg4 Rd4 0-1

[Event "Stuttgarter Stadtmeisterschaft"]
[Site "Ditzingen"]
[Date "2008.05.03"]
[Round "5.35"]
[White "Lin, Jean-Claude"]
[Black "Wolff, Sidney Robert"]
[Result "0-1"]
[WhiteElo "1396"]
[BlackElo "1715"]
[PlyCount "68"]
[EventDate "2008.05.??"]
[EventType "swiss"]
[EventRounds "7"]
[EventCountry "GER"]

1. e4 d5 2. exd5 Qxd5 3. Nc3 Qa5 4. d4 c6 5. Bd2 Qc7 6. Qf3 Nf6 7. h3 e6 8. Bd3
Bd6 9. Nge2 Nbd7 10. g3 O-O 11. Qg2 Nd5 12. f4 N7f6 13. O-O a6 14. Rf3 b5 15.
Ne4 Nxe4 16. Bxe4 Nf6 17. Bd3 Bb7 18. Qh2 Rad8 19. g4 c5 20. Rg3 c4 21. Bxh7+
Nxh7 22. h4 e5 23. fxe5 Bxe5 24. dxe5 Rxd2 25. Re1 Qxe5 26. Kf1 Re8 27. Qf2 Nf6
28. Qf5 Qxf5+ 29. gxf5 Rxc2 30. Rh3 Be4 31. Ra3 Bd3 32. b3 Rcxe2 33. Rxe2 Rxe2
34. bxc4 Bxc4 0-1

[Event "Stuttgarter Stadtmeisterschaft"]
[Site "Ditzingen"]
[Date "2008.05.03"]
[Round "5.36"]
[White "Meyer, Walter"]
[Black "Carlacci, Umberto"]
[Result "1/2-1/2"]
[WhiteElo "1664"]
[BlackElo "1551"]
[PlyCount "61"]
[EventDate "2008.05.??"]
[EventType "swiss"]
[EventRounds "7"]
[EventCountry "GER"]

1. d4 e6 2. c4 f5 3. g3 Nf6 4. Bg2 c6 5. Nc3 d5 6. cxd5 exd5 7. a3 Bd6 8. Nh3
O-O 9. Bf4 Be6 10. O-O h6 11. Bxd6 Qxd6 12. Nf4 Bf7 13. Nd3 Nbd7 14. Qc1 Kh7
15. f3 Rae8 16. Qc2 g6 17. Rae1 Re7 18. Nf2 Rfe8 19. Qd3 Re3 20. Qc2 Nb6 21.
Nfd1 R3e7 22. Qd3 Kg7 23. Rf2 Bg8 24. e4 dxe4 25. fxe4 Nxe4 26. Nxe4 fxe4 27.
Qc3 Nd5 28. Qc1 Nf6 29. Qc3 Nd5 30. Qc1 Nf6 31. Qc3 1/2-1/2

[Event "Stuttgarter Stadtmeisterschaft"]
[Site "Ditzingen"]
[Date "2008.05.03"]
[Round "5.37"]
[White "Zaytsev, Evgeny"]
[Black "Giugno, Carmelo"]
[Result "1-0"]
[WhiteElo "1638"]
[BlackElo "1503"]
[PlyCount "165"]
[EventDate "2008.05.??"]
[EventType "swiss"]
[EventRounds "7"]
[EventCountry "GER"]

1. e4 e6 2. Nf3 c6 3. c3 d5 4. e5 Ne7 5. d4 Ng6 6. Bd3 Be7 7. O-O O-O 8. Re1
Re8 9. Qc2 b6 10. Nbd2 Ba6 11. Nf1 Bxd3 12. Qxd3 Nd7 13. h3 c5 14. N1h2 cxd4
15. cxd4 Bb4 16. Rd1 Rc8 17. Ng4 Qc7 18. Qb5 Bf8 19. h4 h5 20. Ngh2 Qc6 21.
Qxc6 Rxc6 22. Nf1 Rec8 23. Ng3 Be7 24. Nxh5 Nxh4 25. Nh2 Rc2 26. a3 Nf5 27. Nf3
g6 28. Nf4 a5 29. Ne1 R2c4 30. Ne2 a4 31. Nf3 b5 32. Nc3 Rb8 33. g4 Ng7 34. Bd2
f6 35. Bf4 Rb7 36. Kg2 f5 37. Nh2 g5 38. Be3 f4 39. Bc1 Bd8 40. Nf3 Nf8 41. Na2
Nh7 42. Nb4 Ba5 43. Bd2 Bb6 44. Bc3 Ne8 45. Rh1 Rg7 46. Na6 Nc7 47. Nb4 Ne8 48.
Rh6 Nc7 49. Nd3 Kf7 50. Rah1 Kg8 51. Nb4 Kh8 52. Nd2 Rxd4 53. Bxd4 Bxd4 54. Nf3
Bxb2 55. Nxg5 Bxe5 56. Rxh7+ Rxh7 57. Nxh7 Kg7 58. Kf3 Bb2 59. Nc2 e5 60. Ng5
Kf6 61. Nf7 Ne6 62. Nd6 Ng5+ 63. Ke2 f3+ 64. Kf1 d4 65. Nxb5 d3 66. Ne3 Ne4 67.
Rh8 Nd2+ 68. Kg1 Ne4 69. Ra8 Bc1 70. Nd1 Kg5 71. Rxa4 Nf6 72. Nbc3 Nxg4 73. Ra8
Bf4 74. Rg8+ Kf5 75. Rxg4 Kxg4 76. a4 Kf5 77. a5 e4 78. a6 Bb8 79. Nb5 Ke5 80.
Kf1 d2 81. a7 Bxa7 82. Nxa7 Kd4 83. Nb5+ {Rest unvollstaendig} 1-0

[Event "Stuttgarter Stadtmeisterschaft"]
[Site "Ditzingen"]
[Date "2008.05.03"]
[Round "5.38"]
[White "Schreiber, Stephan"]
[Black "Florio, Antonio"]
[Result "1-0"]
[WhiteElo "1646"]
[BlackElo "1750"]
[PlyCount "47"]
[EventDate "2008.05.??"]
[EventType "swiss"]
[EventRounds "7"]
[EventCountry "GER"]

1. e4 c5 2. Nf3 Nc6 3. d4 cxd4 4. Nxd4 g6 5. Nxc6 bxc6 6. Qd4 Nf6 7. e5 Nh5 8.
Be2 Ng7 9. O-O Nf5 10. Qe4 Bg7 11. Bg4 Nh6 12. Bh3 Qc7 13. Bf4 Qb6 14. b3 Bb7
15. Rd1 Rd8 16. Qd3 Qc7 17. Na3 e6 18. Bg5 Rb8 19. f4 O-O 20. Qxd7 Qb6+ 21. Kh1
Nf5 22. Nc4 Qf2 23. Rd2 Qc5 24. Bxf5 1-0

[Event "Stuttgarter Stadtmeisterschaft"]
[Site "Ditzingen"]
[Date "2008.05.03"]
[Round "5.39"]
[White "Aubel, Stefan"]
[Black "Cummings, Orlyn"]
[Result "1-0"]
[WhiteElo "1634"]
[BlackElo "1429"]
[PlyCount "93"]
[EventDate "2008.05.??"]
[EventType "swiss"]
[EventRounds "7"]
[EventCountry "GER"]

1. e4 d6 2. d4 Nf6 3. Nc3 g6 4. Bc4 Bg7 5. Nf3 O-O 6. Bb3 Nc6 7. a3 e5 8. dxe5
Nxe5 9. Nxe5 dxe5 10. O-O c6 11. Be3 Qe7 12. f3 Rd8 13. Qe2 Be6 14. Bxe6 Qxe6
15. Na4 Nd7 16. c4 Bf8 17. Rfd1 Kg7 18. Qc2 f6 19. Rd2 Be7 20. Rad1 b6 21. c5
b5 22. Nc3 Nf8 23. Ne2 Rxd2 24. Rxd2 Rd8 25. Rxd8 Bxd8 26. Nc1 Qd7 27. Nd3 a5
28. f4 Bc7 29. fxe5 Bxe5 30. Nxe5 fxe5 31. Qc3 Qc7 32. Qd2 a4 33. Bh6+ Kg8 34.
Qg5 Ne6 35. Qf6 Ng7 36. Bxg7 Qxg7 37. Qxc6 Qe7 38. Qxb5 Qh4 39. Qe8+ Kg7 40.
Qxe5+ Kf8 41. g3 Qh6 42. Qf4+ Qxf4 43. gxf4 Ke7 44. Kf2 Kd7 45. Ke3 Kc6 46. Kd4
h6 47. e5 1-0

[Event "Stuttgarter Stadtmeisterschaft"]
[Site "Ditzingen"]
[Date "2008.05.03"]
[Round "5.40"]
[White "Lörincz, Peter"]
[Black "Wolf, Adam"]
[Result "1-0"]
[WhiteElo "1630"]
[BlackElo "1398"]
[PlyCount "61"]
[EventDate "2008.05.??"]
[EventType "swiss"]
[EventRounds "7"]
[EventCountry "GER"]

1. f4 Nf6 2. Nf3 g6 3. d4 Bg7 4. e3 d6 5. Nc3 O-O 6. Be2 Nbd7 7. O-O c6 8. Kh1
b5 9. a3 a5 10. Qe1 Nb6 11. Bd3 Nbd5 12. e4 Nxc3 13. bxc3 Bd7 14. Bd2 c5 15. e5
Nd5 16. Rb1 Qb6 17. c4 Nc7 18. cxb5 cxd4 19. a4 dxe5 20. Nxe5 Bxe5 21. fxe5 f5
22. exf6 exf6 23. Bh6 Rf7 24. Qg3 Be6 25. Bd2 Kh8 26. c4 Rb8 27. Rbc1 Ne8 28.
c5 Qd8 29. Bxa5 Qc8 30. Bd2 Qc7 31. Bf4 1-0

[Event "Stuttgarter Stadtmeisterschaft"]
[Site "Ditzingen"]
[Date "2008.05.03"]
[Round "5.41"]
[White "Stiller, Norbert"]
[Black "Koeller, Horst"]
[Result "0-1"]
[WhiteElo "1239"]
[BlackElo "1599"]
[PlyCount "101"]
[EventDate "2008.05.??"]
[EventType "swiss"]
[EventRounds "7"]
[EventCountry "GER"]

1. d4 Nf6 2. Nf3 d6 3. Nbd2 g6 4. e3 Bg7 5. Bd3 O-O 6. O-O Nbd7 7. b3 Re8 8.
Bb2 c6 9. Re1 Qc7 10. c4 e5 11. Qc2 b6 12. dxe5 dxe5 13. Rad1 Bb7 14. e4 c5 15.
Nb1 Re7 16. Nc3 Rae8 17. Be2 a6 18. Nd5 Bxd5 19. cxd5 Qd6 20. Nd2 b5 21. a4 Rb8
22. Ba3 Bh6 23. a5 Bxd2 24. Qxd2 Nxe4 25. Qc2 f5 26. Bf1 Nef6 27. Qd2 b4 28.
Bb2 Ne4 29. Qc2 Ng5 30. Bc4 Nf7 31. Qe2 Ra8 32. Qf3 e4 33. Qg3 Qxg3 34. fxg3
Nd6 35. Bf1 h5 36. Bc1 Nb7 37. Bg5 Ree8 38. d6 Nxa5 39. Ra1 Nc6 40. Bc4+ Kg7
41. Bxa6 Nce5 42. Bb5 Ra3 43. Rab1 Rb8 44. Bxd7 Nxd7 45. Bc1 Ra6 46. Bg5 Rba8
47. Rec1 Rc6 48. Bf4 Kf7 49. Rc4 Ke6 50. Rb2 Ra3 51. Bc1 0-1

[Event "Stuttgarter Stadtmeisterschaft"]
[Site "Ditzingen"]
[Date "2008.05.03"]
[Round "5.42"]
[White "Awiszus, Thomas"]
[Black "Meinecke, Klaus-Hinrich"]
[Result "1-0"]
[WhiteElo "1475"]
[BlackElo "1869"]
[PlyCount "77"]
[EventDate "2008.05.??"]
[EventType "swiss"]
[EventRounds "7"]
[EventCountry "GER"]

1. Nf3 c5 2. c4 Nf6 3. Nc3 e6 4. g3 Be7 5. Bg2 O-O 6. O-O d5 7. cxd5 exd5 8.
Ne1 Nc6 9. Nd3 d4 10. Ne4 Nxe4 11. Bxe4 Bh3 12. Re1 Bd6 13. b3 Qc7 14. Ba3 b6
15. Rc1 Rae8 16. Bh1 a5 17. Bb2 Re6 18. e3 dxe3 19. dxe3 Rfe8 20. Qf3 Ne7 21.
Rc4 Ng6 22. Rc2 Nf8 23. Bg2 Bxg2 24. Kxg2 Ng6 25. Qg4 Re4 26. Qe2 Qe7 27. Bc1
a4 28. f3 axb3 29. axb3 Re6 30. Nf2 h5 31. Qd3 h4 32. e4 Bf4 33. gxf4 f5 34. e5
Qf7 35. Nh3 Nxe5 36. Rxe5 Rxe5 37. fxe5 Rxe5 38. Qd8+ Kh7 39. Ng5+ 1-0

[Event "Stuttgarter Stadtmeisterschaft"]
[Site "Ditzingen"]
[Date "2008.05.03"]
[Round "5.43"]
[White "Haro, Niel"]
[Black "Ellinger, Harald"]
[Result "0-1"]
[WhiteElo "1475"]
[BlackElo "1854"]
[PlyCount "86"]
[EventDate "2008.05.??"]
[EventType "swiss"]
[EventRounds "7"]
[EventCountry "GER"]

1. d4 d5 2. Nf3 e6 3. Bd2 c5 4. e3 Nc6 5. Bb5 Bd7 6. Nc3 Nf6 7. a3 cxd4 8. exd4
Qc7 9. Qe2 a6 10. Bxc6 Bxc6 11. Ne5 Bd6 12. f4 Rc8 13. O-O O-O 14. Rac1 Be8 15.
Rf3 Nd7 16. Rg3 Nb6 17. Qg4 f5 18. Qe2 Rf6 19. Na2 Qe7 20. Ba5 Bb5 21. Qd2 Nc4
22. Nxc4 dxc4 23. Bc3 Rf7 24. Re1 Bc6 25. Nb4 Be4 26. d5 e5 27. fxe5 Bxe5 28.
Bxe5 Qxe5 29. d6 Rd7 30. Qg5 Qxd6 31. Rge3 Qg6 32. Qxg6 hxg6 33. c3 Rd2 34.
R3e2 Rcd8 35. Kf2 Kf7 36. g3 Kf6 37. Ke3 Rxe2+ 38. Rxe2 a5 39. Na2 Bb1 40. b4
cxb3 41. Nc1 Bc2 42. Rd2 Re8+ 43. Kf2 b2 0-1

[Event "Stuttgarter Stadtmeisterschaft"]
[Site "Ditzingen"]
[Date "2008.05.03"]
[Round "5.44"]
[White "Matic, Marijo"]
[Black "Trobonjaca, Milos"]
[Result "1-0"]
[WhiteElo "1462"]
[BlackElo "1687"]
[PlyCount "49"]
[EventDate "2008.05.??"]
[EventType "swiss"]
[EventRounds "7"]
[EventCountry "GER"]

1. e4 e5 2. Nf3 Nc6 3. d4 exd4 4. Nxd4 Qf6 5. Be3 Nh6 6. Be2 Bb4+ 7. c3 Ba5 8.
O-O Ne7 9. Nd2 d6 10. Qa4+ Nc6 11. Nxc6 bxc6 12. Qxc6+ Kd8 13. Qxa8 Qe5 14. f4
Qe7 15. Ba6 Kd7 16. Bb5+ Kd8 17. Qxa7 Ng4 18. h3 Nxe3 19. Qxa5 Nxf1 20. Rxf1
Qf6 21. Bc6 Qg6 22. Rf3 f5 23. e5 Qe6 24. Rd3 h6 25. Rxd6+ 1-0

[Event "Stuttgarter Stadtmeisterschaft"]
[Site "Ditzingen"]
[Date "2008.05.03"]
[Round "5.45"]
[White "Riepert, Steffen"]
[Black "Grözinger, Werner"]
[Result "1-0"]
[WhiteElo "1579"]
[BlackElo "1451"]
[PlyCount "99"]
[EventDate "2008.05.??"]
[EventType "swiss"]
[EventRounds "7"]
[EventCountry "GER"]

1. d4 d5 2. c4 e6 3. Nf3 g6 4. Nc3 Ne7 5. Bg5 dxc4 6. e4 Bg7 7. Bxc4 O-O 8. O-O
f6 9. Be3 c6 10. Qd2 b5 11. Bb3 Kh8 12. Bh6 Qc7 13. Bxg7+ Kxg7 14. Rad1 Rd8 15.
Qe3 Qb6 16. e5 f5 17. Ng5 Nd5 18. Nxd5 cxd5 19. Rc1 h6 20. Nh3 Nc6 21. Rc5 Na5
22. Rc3 Ba6 23. Rfc1 Nc4 24. Bxc4 bxc4 25. b3 Rdc8 26. Nf4 Rd8 27. h4 g5 28.
hxg5 hxg5 29. Nh5+ Kg6 30. Nf6 f4 31. Qd2 Rh8 32. Nd7 Qc7 33. Nc5 Qh7 34. Qc2+
Kf7 35. Qxh7+ Rxh7 36. Nxa6 Rah8 37. Rh3 Kg6 38. Rxh7 Rxh7 39. bxc4 dxc4 40.
Rxc4 Kf5 41. f3 Rb7 42. Rb4 Rd7 43. Nc5 Rc7 44. Rb7 Rc8 45. Rxa7 Rb8 46. Rf7+
Kg6 47. Rf6+ Kh5 48. Nxe6 Kh4 49. Rh6+ Kg3 50. Rh3# 1-0

[Event "Stuttgarter Stadtmeisterschaft"]
[Site "Ditzingen"]
[Date "2008.05.03"]
[Round "5.46"]
[White "Schmitz, Harald"]
[Black "Sigmund, Wolfgang"]
[Result "1/2-1/2"]
[WhiteElo "1559"]
[BlackElo "1436"]
[PlyCount "48"]
[EventDate "2008.05.??"]
[EventType "swiss"]
[EventRounds "7"]
[EventCountry "GER"]

1. e4 e5 2. Nf3 Nc6 3. Bc4 Bc5 4. c3 Nf6 5. d4 exd4 6. cxd4 Bb4+ 7. Bd2 Bxd2+
8. Nbxd2 d5 9. exd5 Nxd5 10. O-O O-O 11. Re1 Be6 12. Rc1 Re8 13. b3 f6 14. Ne4
Rb8 15. Nc5 Bf7 16. Rxe8+ Qxe8 17. Qd2 Nce7 18. Re1 Qc6 19. Qd3 Qd6 20. Ne4 Qd7
21. Nc5 Qd6 22. Qe2 Kf8 23. Qe4 Kg8 24. Bxd5 Nxd5 1/2-1/2

[Event "Stuttgarter Stadtmeisterschaft"]
[Site "Ditzingen"]
[Date "2008.05.03"]
[Round "5.47"]
[White "Naundorf, Jo-Jan"]
[Black "Wendland, Tobias"]
[Result "1-0"]
[WhiteElo "1479"]
[BlackElo "1423"]
[PlyCount "101"]
[EventDate "2008.05.??"]
[EventType "swiss"]
[EventRounds "7"]
[EventCountry "GER"]

1. e4 e6 2. Nf3 d5 3. exd5 exd5 4. d4 Nf6 5. Bg5 c5 6. Bb5+ Nc6 7. Qe2+ Be6 8.
Nc3 a6 9. Bxf6 Qxf6 10. Nxd5 Qd8 11. Bxc6+ bxc6 12. Nf4 Qf6 13. Qe4 Rc8 14. Rd1
Be7 15. O-O O-O 16. Rfe1 Rfe8 17. Nxe6 Bd6 18. d5 Bb8 19. Qc4 cxd5 20. Rxd5
Rxe6 21. Rxc5 Rxe1+ 22. Nxe1 Rxc5 23. Qxc5 Qd8 24. g3 g6 25. Nd3 Bd6 26. Qc6 a5
27. b3 Kg7 28. Nc5 Bxc5 29. Qxc5 Qd1+ 30. Kg2 Qd2 31. a4 Qe1 32. c3 Qe4+ 33.
Kh3 h5 34. Qd4+ Qxd4 35. cxd4 Kf6 36. Kg2 Kf5 37. Kf3 g5 38. h3 f6 39. Ke3 g4
40. h4 Ke6 41. Ke4 f5+ 42. Kf4 Kd5 43. Kxf5 Kxd4 44. Kg5 Kc3 45. Kxh5 Kxb3 46.
Kxg4 Kxa4 47. h5 Kb3 48. h6 a4 49. h7 a3 50. h8=Q a2 51. Qa1 1-0

[Event "Stuttgarter Stadtmeisterschaft"]
[Site "Ditzingen"]
[Date "2008.05.03"]
[Round "5.48"]
[White "Srokovskiy, Andrea"]
[Black "Parvin, Shahram"]
[Result "1-0"]
[WhiteElo "1604"]
[BlackElo "1467"]
[PlyCount "127"]
[EventDate "2008.05.??"]
[EventType "swiss"]
[EventRounds "7"]
[EventCountry "GER"]

1. e4 e5 2. Nf3 Nc6 3. Bc4 Nd4 4. O-O Nxf3+ 5. Qxf3 Nf6 6. Nc3 d6 7. h3 h5 8.
d3 g6 9. Bg5 Bg7 10. Nd5 Qd7 11. Bxf6 O-O 12. Bxg7 Kxg7 13. Qf6+ Kh7 14. Qg5
Kg7 15. Nf6 Qd8 16. Nxh5+ Kh7 17. Qxd8 Rxd8 18. Ng3 Kg7 19. f4 f6 20. fxe5 dxe5
21. Rf3 c6 22. Raf1 Rf8 23. Ne2 a5 24. a3 b5 25. Ba2 b4 26. a4 Bd7 27. g4 c5
28. Bb3 Ra6 29. Bc4 Rb6 30. b3 Kh6 31. c3 Bc8 32. R1f2 Rd6 33. Rg2 Rh8 34. Rxf6
Rxf6 35. g5+ Kg7 36. gxf6+ Kxf6 37. Rf2+ Kg5 38. Rg2+ Kf6 39. cxb4 cxb4 40. Rh2
Rxh3 41. Rxh3 Bxh3 42. Kh2 Bg4 43. Ng1 Kg5 44. Kg3 Kh5 45. Nf3 Bxf3 46. Kxf3
Kh4 47. Kg2 Kg4 48. d4 exd4 49. e5 Kf5 50. e6 Kf6 51. Kf3 d3 52. Ke3 g5 53.
Kxd3 g4 54. Ke4 Ke7 55. Kf4 Kf6 56. Kxg4 Ke7 57. Kf5 Kd8 58. Kf6 Kc7 59. e7 Kd7
60. Kf7 Kc7 61. e8=Q Kb6 62. Qc8 Ka7 63. Qc7+ Ka8 64. Bd5# 1-0

[Event "Stuttgarter Stadtmeisterschaft"]
[Site "Ditzingen"]
[Date "2008.05.03"]
[Round "5.49"]
[White "Romer, Reinhard"]
[Black "Brosig, Michael"]
[Result "1-0"]
[WhiteElo "1516"]
[BlackElo "1504"]
[PlyCount "63"]
[EventDate "2008.05.??"]
[EventType "swiss"]
[EventRounds "7"]
[EventCountry "GER"]

1. c4 d6 2. d4 Nf6 3. Nc3 g6 4. Nf3 Bg7 5. e4 O-O 6. h3 Nbd7 7. Be3 c5 8. d5
Qa5 9. Nd2 Nh5 10. Rc1 Bxc3 11. Rxc3 Qxa2 12. Qc1 Qa5 13. Be2 Ng7 14. O-O f5
15. Bg5 Nf6 16. Re3 fxe4 17. Nxe4 Nf5 18. Ra3 Qd8 19. Nxf6+ exf6 20. Bf4 Nd4
21. Bd3 Bf5 22. Bxf5 Nxf5 23. Re1 Rf7 24. g4 Nd4 25. Rae3 Qd7 26. Bh6 f5 27.
Qd1 fxg4 28. hxg4 a6 29. f4 b5 30. b3 bxc4 31. bxc4 Qb7 32. Re8+ 1-0

[Event "Stuttgarter Stadtmeisterschaft"]
[Site "Ditzingen"]
[Date "2008.05.03"]
[Round "5.50"]
[White "König, Torsten"]
[Black "Tessmer, Hans-Peter"]
[Result "1-0"]
[WhiteElo "1746"]
[BlackElo "1610"]
[PlyCount "75"]
[EventDate "2008.05.??"]
[EventType "swiss"]
[EventRounds "7"]
[EventCountry "GER"]

1. e4 c5 2. d4 cxd4 3. c3 dxc3 4. Nxc3 d6 5. Bc4 Nc6 6. Nf3 e6 7. O-O Be7 8.
Qe2 Nf6 9. Rd1 e5 10. Be3 O-O 11. Rac1 Bg4 12. Bb3 Rc8 13. Nb5 a6 14. Nc3 b5
15. Nd5 Nxd5 16. Bxd5 Qd7 17. h3 Bxf3 18. Qxf3 Nb4 19. Rxc8 Qxc8 20. Bb3 Qd7
21. Bb6 Qb7 22. Qe3 Kh8 23. a3 Nc6 24. Bd5 Qd7 25. Rc1 Rc8 26. Bxf7 Bf6 27. Bd5
Ne7 28. Bb3 Rxc1+ 29. Qxc1 Qb7 30. Qc7 Qxc7 31. Bxc7 Nc8 32. Bd5 Ne7 33. Bb7 d5
34. exd5 e4 35. d6 Ng6 36. d7 h6 37. d8=Q+ Bxd8 38. Bxd8 1-0

[Event "Stuttgarter Stadtmeisterschaft"]
[Site "Ditzingen"]
[Date "2008.05.03"]
[Round "6.1"]
[White "Kang, Moon-Gu"]
[Black "Helfrich, Leo"]
[Result "1-0"]
[WhiteElo "1797"]
[BlackElo "1712"]
[PlyCount "177"]
[EventDate "2008.05.??"]
[EventType "swiss"]
[EventRounds "7"]
[EventCountry "GER"]

1. Nf3 g6 2. g3 Bg7 3. Bg2 c5 4. O-O Nc6 5. e4 d6 6. h3 Nf6 7. Re1 e5 8. c3 Qb6
9. d3 O-O 10. Na3 a6 11. Nc4 Qc7 12. Ne3 b5 13. d4 c4 14. Nd5 Qd8 15. Bg5 h6
16. Bxf6 Bxf6 17. Qd2 Bg7 18. Rad1 Bb7 19. dxe5 dxe5 20. Qe3 Qa5 21. a3 Rfe8
22. Rd2 Ne7 23. Nxe7+ Rxe7 24. Red1 Rae8 25. Ne1 Qc7 26. Nc2 f5 27. Nb4 f4 28.
Qe2 Rf8 29. g4 Ref7 30. Bf3 Qe7 31. Rd6 Qg5 32. Qf1 Bf6 33. Rd7 h5 34. Qg2 Rxd7
35. Rxd7 Bc8 36. Rd1 h4 37. Qf1 Rd8 38. Rxd8+ Bxd8 39. Qd1 Qf6 40. Qd5+ Kg7 41.
Qc5 Qe6 42. Nd5 Bb7 43. Kf1 Qc6 44. Qxc6 Bxc6 45. Ke2 Kf7 46. Nb4 Bb7 47. Bg2
a5 48. Nc2 Ke6 49. f3 Kd6 50. Kd2 Bb6 51. Bf1 Ba6 52. Be2 Bg1 53. Bd1 Kc5 54.
Be2 Kb6 55. Bd1 Bc5 56. Be2 b4 57. axb4 axb4 58. cxb4 Bd4 59. Na3 Be3+ 60. Kc2
Bd4 61. Nxc4+ Kc7 62. Bd3 Bc8 63. Kb3 Bd7 64. Na3 Be3 65. Nc2 Bb6 66. Bc4 g5
67. Na3 Bc8 68. Bd5 Ba6 69. b5 Bc8 70. Nc4 Bd4 71. Kb4 Bxg4 72. fxg4 f3 73. b6+
Kb8 74. Na5 Bxb6 75. Nc6+ Kc7 76. Nxe5 f2 77. Bc4 Be3 78. Nf3 Bf4 79. Bf1 Bd6+
80. Kc4 Be7 81. Kd5 Kd7 82. Ke5 Bd6+ 83. Kf5 Bf4 84. Nxg5 Bc1 85. b3 Kc6 86.
Nf3 Kc5 87. g5 Kb4 88. g6 Bb2 89. e5 1-0

[Event "Stuttgarter Stadtmeisterschaft"]
[Site "Ditzingen"]
[Date "2008.05.03"]
[Round "6.2"]
[White "Feller, Florian"]
[Black "Schuhmacher, Jakob"]
[Result "1/2-1/2"]
[WhiteElo "1794"]
[BlackElo "1657"]
[PlyCount "78"]
[EventDate "2008.05.??"]
[EventType "swiss"]
[EventRounds "7"]
[EventCountry "GER"]

1. e4 c5 2. Nf3 d6 3. d4 cxd4 4. Nxd4 Nf6 5. Nc3 g6 6. Be3 Bg7 7. f3 a6 8. Qd2
Nbd7 9. O-O-O b5 10. g4 Bb7 11. h4 Nc5 12. Ndxb5 Nfxe4 13. fxe4 Nxe4 14. Nxe4
Bxe4 15. Nxd6+ exd6 16. Bg2 Bxg2 17. Qxg2 Rb8 18. Bd4 Bxd4 19. Rxd4 O-O 20. Qd2
Qc7 21. Rxd6 Qb7 22. Qd5 Qxb2+ 23. Kd2 Qb4+ 24. Kd3 Qxg4 25. h5 Rb5 26. Qc6
Rxh5 27. Rxh5 Qxh5 28. c4 Qh3+ 29. Kd4 Qg4+ 30. Kd3 h5 31. c5 h4 32. Rd4 Qg3+
33. Kc4 h3 34. Qh1 g5 35. c6 Rc8 36. a4 g4 37. Qd5 Qf3 38. Qg5+ Kf8 39. Qh6+
Kg8 1/2-1/2

[Event "Stuttgarter Stadtmeisterschaft"]
[Site "Ditzingen"]
[Date "2008.05.03"]
[Round "6.3"]
[White "Gibicar, Danijel"]
[Black "Koss, Dietrich"]
[Result "0-1"]
[WhiteElo "1745"]
[BlackElo "1700"]
[PlyCount "80"]
[EventDate "2008.05.??"]
[EventType "swiss"]
[EventRounds "7"]
[EventCountry "GER"]

1. d4 d5 2. Nf3 c6 3. e3 Bf5 4. c4 e6 5. Bd3 Bxd3 6. Qxd3 Nf6 7. Nc3 Nbd7 8.
Bd2 Rc8 9. cxd5 exd5 10. O-O Be7 11. Rac1 O-O 12. Qe2 Re8 13. Rfd1 Bd6 14. Be1
Ne4 15. Nxe4 dxe4 16. Nd2 Qh4 17. h3 Qg5 18. Nc4 Bb8 19. Na5 Qd8 20. g3 Nf6 21.
Kg2 Qd7 22. Nb3 b6 23. Rc2 h5 24. h4 Re6 25. Nd2 Ng4 26. Rdc1 Rce8 27. Qc4 Rf6
28. Nf1 Nh6 29. Nh2 Nf5 30. Nf1 Rg6 31. Kh1 Nxh4 32. Nh2 Nf5 33. Qa4 Ne7 34.
Bb4 Nd5 35. Be1 b5 36. Qb3 h4 37. gxh4 Qh3 38. f4 exf3 39. e4 Bxh2 40. Rxh2
Qf1# 0-1

[Event "Stuttgarter Stadtmeisterschaft"]
[Site "Ditzingen"]
[Date "2008.05.03"]
[Round "6.4"]
[White "Huynh, Nhi Lang"]
[Black "Ölke, Erhard"]
[Result "1/2-1/2"]
[WhiteElo "1730"]
[BlackElo "1741"]
[PlyCount "46"]
[EventDate "2008.05.??"]
[EventType "swiss"]
[EventRounds "7"]
[EventCountry "GER"]

1. d4 Nf6 2. c4 c6 3. Nc3 d5 4. cxd5 cxd5 5. Nf3 Nc6 6. Bf4 Bf5 7. e3 h6 8. Bb5
a6 9. Bxc6+ bxc6 10. O-O Rc8 11. h3 e6 12. Qe2 Qa5 13. Rac1 Bb4 14. Ne5 Nd7 15.
a3 Bxc3 16. Rxc3 Nxe5 17. Bxe5 Qb5 18. Qxb5 axb5 19. Rfc1 Kd7 20. g4 Be4 21.
Bxg7 Rh7 22. Bf6 h5 23. g5 h4 1/2-1/2

[Event "Stuttgarter Stadtmeisterschaft"]
[Site "Ditzingen"]
[Date "2008.05.03"]
[Round "6.5"]
[White "Cofman, Veaceslav"]
[Black "Henninger, Jakob"]
[Result "1/2-1/2"]
[WhiteElo "1894"]
[BlackElo "1730"]
[PlyCount "50"]
[EventDate "2008.05.??"]
[EventType "swiss"]
[EventRounds "7"]
[EventCountry "GER"]

1. d4 Nf6 2. c4 e6 3. Nc3 Bb4 4. Qc2 c5 5. e3 b6 6. Nf3 Bb7 7. Be2 Ne4 8. Bd2
Nxd2 9. Qxd2 O-O 10. O-O d5 11. cxd5 exd5 12. Rad1 c4 13. Qc2 Nd7 14. Nd2 f5
15. Bf3 Bxc3 16. Qxc3 Rf6 17. Be2 g5 18. Nf3 Rh6 19. g4 fxg4 20. Ne5 Nxe5 21.
dxe5 Qd7 22. e4 Rh3 23. Qd4 Qe6 24. exd5 Qh6 25. Bxg4 Rxh2 1/2-1/2